Star Academy - Anniversaires au château - Statistiques

Statistiques générales
  • Ce quiz a été pris 585 fois
    35 depuis la dernière actualisation
  • Le résultat moyen est 7 sur 8
Statistiques - réponses
Hint Réponse % Correct
Saison 13 (2025) 19 octobre Léa
100%
Saison 12 (2024) 16 octobre Ebony
96%
Saison 12 (2024) 16 octobre Franck
96%
Saison 13 (2025) 23 janvier Victor
96%
Saison 12 (2024) 3 novembre Marguerite
86%
Saison 11 (2023) 14 novembre Djebril
82%
Saison 12 (2024) 16 décembre Ulysse
82%
Saison 12 (2024) 22 octobre Maïa
79%
Aucun quiz correspondant
Distribution des résultats
% des personnes avec chaque résultat
Percentile par nombre de réponses
Votre historique - résultats
Vous n’avez pas pris ce quiz depuis la dernière actualisation